Laboratory Manual on CRYSTAL GROWTH (Record no. 27046)

MARC details
000 -LEADER
fixed length control field 00384nam a22001337a 4500
005 - DATE AND TIME OF LATEST TRANSACTION
control field 20150124122849.0
008 - FIXED-LENGTH DATA ELEMENTS--GENERAL INFORMATION
fixed length control field 111109t hu||||| |||| 00| 0 eng d
050 04 - LIBRARY OF CONGRESS CALL NUMBER
Classification number QD919
Item number T37 1972
100 1# - MAIN ENTRY--PERSONAL NAME
9 (RLIN) Tarjan, Imre
245 1# - TITLE STATEMENT
Title Laboratory Manual on CRYSTAL GROWTH
Statement of responsibility, etc ed.;Imre, Tarjan; Matrai, M.
250 ## - EDITION STATEMENT
Edition statement 1a ed.
260 ## - PUBLICATION, DISTRIBUTION, ETC. (IMPRINT)
Place of publication, distribution, etc Hungria:
Name of publisher, distributor, etc Academia Kiado, UNESCO,
Date of publication, distribution, etc 1972.
942 ## - ADDED ENTRY ELEMENTS (KOHA)
Source of classification or shelving scheme Clasificación Decimal Dewey
Koha item type Libro
Holdings
Estado de pérdida Fuente de clasificación Estado del daño No para préstamo Ubicación permanente Ubicación actual Apartado o colección Fecha de adquisición Enumeración de Serie / Cronológica Clasificación Código de Barras Date last seen Número de copia Tipo de recurso
  Biblioteca del Cogreso de los Estados Unidos     Biblioteca de la Unidad de Ciencias Ingeniería y Humanidades Biblioteca de la Unidad de Ciencias Ingeniería y Humanidades General 09/11/2011 BCU000000008 QD919 T37 1972 BCU000000008 16/01/2015 C:1 Libro